00447nam a22001457a 4500003000900000008004100009040007100050082002200121100002700143245001900170260004100189650002400230650002000254650002700274AR-CdUCM190328b ||||| |||| 00| 0 spa d aMUNICIPALIDAD PROVINCIAL DEL CUSCOcBIBLIOTECA MUNICIPAL DEL CUSCO aC / 861.4 /bV27C aVarela de Curto, Adela aCien Sonetos / aMéxico :bImpresora Galve ,c1963. aLiteratura Mexicana aPoesia Mexicana aPoesia Centroamericana